| 000 | 00589nam a22001697a 4500 | ||
|---|---|---|---|
| 005 | 20251108164209.0 | ||
| 008 | 250721s1990 xx 000 0 ara d | ||
| 082 | 1 | 4 | _a070.962/محم |
| 100 | 1 | _aهيبه، محمد منصور محمود | |
| 245 | 1 | 0 | _aالصحافة الإسلامية في مصر بين عبد الناصر و السادات 1952-1981 / |
| 264 | 1 |
_aالمنصورة : _bدار الوفاء للطباعة و النشر و التوزيع، _c1990. |
|
| 300 | _a470ص | ||
| 650 | 1 | 7 | _aالصحافة |
| 650 | 1 | 7 | _aتاريخ مصر |
| 942 |
_2ddc _cBK |
||
| 999 |
_c6107 _d6107 |
||